|
|
|
|
| LEADER |
01477njm a2200457 a 4500 |
| 001 |
000534378 |
| 003 |
CZ BrMZK |
| 005 |
20051017095219.0 |
| 008 |
010907s1999 xr f cze d |
| 028 |
0 |
3 |
|a ICN 028
|b ICN Polyart
|
| 040 |
|
|
|a BOA001
|b cze
|
| 080 |
|
|
|a 785.161(086.7)
|2 MRF
|
| 110 |
2 |
|
|a Pulec Oktet
|7 ko2004260242
|4 prf
|
| 245 |
1 |
0 |
|a Nás osm a čas...
|h [zvukový záznam] /
|c Pulec oktet.
|
| 246 |
3 |
3 |
|a Co teď, lásko
|
| 246 |
3 |
3 |
|a Dnes v noci mi dej lekci
|
| 246 |
3 |
3 |
|a Duben v Paříži
|
| 246 |
3 |
3 |
|a Duben v dešti
|
| 246 |
3 |
3 |
|a Dávno a daleko
|
| 246 |
3 |
3 |
|a Hodiny spí
|
| 246 |
3 |
3 |
|a Je máj
|
| 246 |
3 |
3 |
|a Kolem půlnoci
|
| 246 |
3 |
3 |
|a Prosinec a sníh
|
| 246 |
3 |
3 |
|a Vzpomínka na duben
|
| 246 |
3 |
3 |
|a Včera
|
| 246 |
3 |
3 |
|a Čas borůvkových koláčů
|
| 246 |
3 |
3 |
|a Čas vína a růží
|
| 260 |
|
|
|a Praha :
|b ICN Polyart,
|c c1999
|
| 300 |
|
|
|a 1 CD :
|b DDD ;
|c 12 cm +
|e 1 složený list.
|
| 306 |
|
|
|a 004325
|
| 500 |
|
|
|a Durata 43:25
|
| 500 |
|
|
|a Text v doprovod. mater. vícejaz.
|
| 500 |
|
|
|a Nahr. 1985-86
|
| 505 |
2 |
|
|a Čas vína a růží Dávno a daleko, Je máj ... [et al.]
|
| 511 |
0 |
|
|a Pražské smyčce Jiřího Svobody
|
| 653 |
0 |
|
|a taneční orchestr
|
| 710 |
2 |
|
|a Pražské smyčce Jiřího Svobody (hudební skupina)
|4 prf
|
| 910 |
|
|
|a BOA001
|b CD-0008.961
|
| 964 |
|
|
|a Orchestr taneční
|x CD
|
| 990 |
|
|
|a AV
|
| 996 |
6 |
|
|b 261H009652
|c CD-0008.961
|l MZK
|r Sklad / do 24 hodin
|n 0
|p p.v.
|w 000534378
|u 000010
|a 1
|e BOA001
|j MZK50
|s P
|